000 00919nam a2200265Ia 4500
003 OSt
005 20221005112701.0
006 a|||||r|||| 00| 0
007 ta
008 221004b |||||||| |||| 00| 0 pan d
020 _a9788180591396 (hbk)
_cINR 200.00
024 _a44761
037 _b1043, 02/02/2019, H.K. Prakashan
_cTextual
040 _aCRL
_cCRL
_bpan
041 _2pan
_apan
082 _aO153,6N58x, Q7
100 _aਕੌਰ, ਅਮੀਰ, ਂਚ.
245 0 _aਹੈ੍ਵ ! ਇੰਝ ਵੀ ਹੰੁਦਾ ਏ<
260 _aਦਿੱਲੀ
_bF੍ਰੀ ਪ੍ਰਕਾFਨ ਭਾਰਤ
_c2017
300 _a88ਪ੍ਰ0
_ccm.
650 _a ਪੰਜਾਬੀ ਨਿਬੰਧ
650 _aਪੰਜਾਬੀ ਸਾਹਿਤ
942 _hO153,6N58x, Q7
_cTEXL
_2cc
999 _c1025656
_d1025656